[Event "WchT Seniors 50"]
[Site "Rhodes"]
[Date "2019.04.24"]
[Round "9.2"]
[White "Godena, Michele"]
[Black "Vaganian, Rafael A"]
[Result "1-0"]
[WhiteElo "2459"]
[BlackElo "2535"]
[Annotator "Meyer,CD"]
[PlyCount "67"]
[EventDate "2019.04.16"]
[EventType "team-swiss"]
[EventRounds "9"]
[EventCountry "GRE"]
[SourceTitle "CBM 190 Extra"]
[Source "ChessBase"]
[SourceDate "2019.07.15"]
[SourceVersion "1"]
[SourceVersionDate "2019.07.15"]
[SourceQuality "1"]
[WhiteTeam "Italy"]
[BlackTeam "Armenia"]
[WhiteTeamCountry "ITA"]
[BlackTeamCountry "ARM"]

{VON DER ERÖFFNUNG INS ENDSPIEL Strukturelle und sonstige Defizite 
(Bauerninseln), Endspieltechnik, Vorteilsverwertung} 1. e4 e6 2. d4 d5 3. Nd2
c5 4. Ngf3 cxd4 5. Nxd4 Nc6 6. Bb5 Bd7 7. Nxc6 Bxc6 8. Bxc6+ bxc6 9. c4 {
In diesem Tarrasch-Franzosen verfügt Schwarz über eine große Auswahl an
etwa gleichwertigen Fortsetzungen, wobei 9...Nf6/Bc5/Qa5 und der Textzug am
häufigsten anzutreffen sind.} dxe4 10. Nxe4 ({Eine zweischneidige, eher
dubiose Alternative ist m. E.} 10. Qa4 {, z.B.} f5 $5 11. Qxc6+ Kf7 12. O-O Nf6
13. Nb3 Rc8 14. Qa6 Be7 $5 15. Bf4 (15. Qxa7 $6 Rxc4) 15... Qb6) 10... Qxd1+ ({
Oder} 10... Bb4+ 11. Ke2 Qa5 12. Be3 Nf6 (12... Be7 $142) 13. Nxf6+ gxf6 14.
Qd4 Qh5+ 15. f3 Qg6 16. Qe4 Ke7 (16... Qxg2+ 17. Bf2 Rc8 18. Rag1 Qh3 $13) 17.
g3 a5 18. Rhd1 Qxe4 19. fxe4 {und Weiß hat - ähnlich unserer Hauptpartie -
einen leichten Endspielvorteil - 1-0 (46), Shankland,S (2671)-Antipov,M (2580),
Biel 2017}) 11. Kxd1 Nf6 12. Nxf6+ gxf6 13. Be3 c5 ({Nach} 13... Rg8 14. g3 c5
15. Kc2 Kd7 16. Rad1+ Kc6 17. Rd3 Be7 18. Rhd1 Rgd8 19. Rxd8 {ist die schwarze
Stellung ebenso unbequem, aber durchaus haltbar:} Bxd8 (19... Rxd8 20. Rxd8
Bxd8 21. g4 a6 22. Kd3 Bc7 23. h3 Be5 24. b3 Bb2 $6 (24... f5 $142) 25. Ke4 Bc3
26. Bh6 Bd4 27. f4 Bb2 28. f5 $14 {1-0 (75) Guseinov,G (2634)-Socko,B (2599)
Berlin 2015}) 20. Rd3 f5 21. Ra3 a6 22. Ra4 Bb6 23. a3 f6 24. b4 Ra7 {1/2-1/2 
(35) Dochev,D (2399)-Argiroudis,S (2306) Rio Achaea 2018}) 14. Kc2 O-O-O 15.
Rhd1 Rg8 16. Rxd8+ Kxd8 17. Rd1+ Kc7 18. g3 {[#]} Rg4 $2 {(?)} ({Angesichts
seiner geschwächten Bauernstruktur unterschätzt Schwarz sträflich die
Gefahren - in diesem für ihn ohnehin undankbaren Endspieltyp - und er lässt
es an der nötigen Genauigkeit missen. Tatsächlich ist der Textzug ein
schwerer Fehler, während} 18... Bd6 $142 $1 {dem Weißen nur einen minimalen
Vorteil überlässt:} 19. Rd3 a6 $14 20. Ra3 Kb7 21. Bd2 f5) 19. Bf4+ $1 {
[#] Dieses überraschend starke Schachgebot bringt den Verteidiger arg in die
Bredouille.} e5 {Nimmt weitere Schwächen auf den hellen Feldern (d5, f5) in
Kauf.} ({I} 19... Kc6 $2 {lässt den weißen Turm peinlich in seine Stellung
eindringen:} 20. Rd8 Be7 (20... e5 21. Rc8+ Kd7 22. Rxf8 exf4 23. Rxf7+ $18) (
20... Bg7 21. Rc8+ Kb6 22. h3 Rg6 23. Be3 $18) 21. Rc8+ Kd7 22. Rc7+ Kd8 23.
Rxa7 $18) ({II} 19... Kc8 {Auch hiernach findet Weiß Wege ins gegnerische
Lager:} 20. Rd3 h5 ({Falls} 20... Be7 $2 21. Ra3 Kb7 {, so folgt} 22. Rb3+ Kc6
23. Rb8 {mit großem Vorteil. Weiter z.B.:} Bd6 (23... e5 24. h3 Rg6 (24... Rg7
25. Bh6 Rg6 26. Bd2 {ist Zugumstellung zum Text}) 25. Bd2 Rg7 (25... f5 26. Ra8
Kb7 27. Rh8 Rg7 28. Bh6 Rg6 29. Rxh7 $18) 26. Rc8+ Kb7 27. Rh8 {/\Bh6 plus
Rxh7+-}) 24. Bxd6 Kxd6 25. b3 Kc7 26. Ra8 Kb7 27. Rh8 Rg7 28. h4 {/\h5-h6,
Rg8-g7 plus ggf. a3, b4 usw. +-}) 21. h3 Rg6 $5 (21... Rg8 $143 22. Ra3 e5 23.
Be3 Kb7 24. Rd3 $1 Kc7 25. Rd5 Kc6 26. Rd8 Rh8 27. Rc8+ Kb7 28. Re8 Kc6 29. b3
$18 {und Schwarz gehen schnell die vernünftigen Züge aus.}) 22. a4 $1 {
[#] (Analyse) Eine ausgetüftelte Fortsetzung, da Alternativen im Gewinnsinne
nicht überzeugen können. Mit dem Aufzug seines a-Bauern, der ggf. bis nach
a6 vorstößt, verschafft Weiß sich zusätzliche Angriffsmotive, während
sein Gegner ohne wirksames Gegenspiel bleibt.} (22. Rb3 $143 e5 23. Bd2 (23.
Be3 $143 f5 24. Rb5 Rc6) 23... f5 24. Rf3 h4 $132) (22. Ra3 $143 Kb7 23. Rb3+
Kc6 24. Rb8 Bh6 $132) 22... Be7 (22... e5 23. Be3 h4 (23... f5 24. Rd5 f6 25.
Kd3 h4 26. gxh4 Rg1 27. f4 $1 Rg3 28. Ke2 exf4 29. Bxc5 Bxc5 30. Rxc5+ Kd7 31.
Rxf5 Rxh3 32. Rxf4 $18) 24. g4 f5 25. gxf5 Rf6 26. Rd5 Rxf5 27. f4 $1 Bh6 (
27... Rf6 28. Rxe5 $18) (27... f6 28. Kd3 $18) 28. Rxc5+ Kd7 29. a5 a6 30. b4
Bxf4 31. Bxf4 Rxf4 32. b5 $18) (22... a6 23. a5 (23. Bd6 $2 Bxd6 24. Rxd6 h4
25. g4 f5 26. gxf5 Rg2 27. fxe6 fxe6 28. Rxa6 Rxf2+ 29. Kb3 Rf3+ 30. Ka2 Kd7
31. a5 Rxh3 $14) 23... Rg8 (23... Be7 24. Bd6 $1 {geht über zur 22...Be7/23...
a6/24.Bd6!-Variante}) 24. Bd6 $1 {Der gut getimte Läufertausch, um mit dem
Turm an die zersplitterten schwarzen Bauern heranzukommen, ist hier ein
zentrales Motiv.} f5 (24... h4 25. g4) (24... Bxd6 25. Rxd6 $18 Rg5 26. h4 Rg4
27. b3) 25. Bxf8 Rxf8 26. Rd6 Kb7 27. Rd7+ Kb8 28. h4 $18 f4 29. gxf4 Rg8 30.
Kd3 f5 31. Rd6 Rg4 32. Ke3) (22... f5 23. Rb3 Bh6 24. Bd6 $18) (22... h4 23.
gxh4 Rg2 24. Rf3 Kd7 25. h5 $18) 23. a5 Bd8 (23... a6 24. Bd6 $1 Bxd6 (24...
Bd8 25. Bxc5 Bxa5 26. Ra3 Bc7 27. Rxa6 $18) 25. Rxd6 f5 (25... h4 26. g4 f5 27.
gxf5 Rg2 28. fxe6 fxe6 (28... Rxf2+ 29. Rd2 Rxd2+ 30. Kxd2 fxe6 31. Ke3 $18)
29. Rxa6 Rxf2+ 30. Kb3 Rf3+ 31. Ka2 Kd7 (31... Rxh3 32. Rxe6 $18) 32. Rb6 $18))
24. a6 {[#] (Analyse)} Bb6 (24... Bc7 25. Be3 Bb6 26. b4 $1 $18 f5 (26... cxb4
$2 27. Bxb6 axb6 28. Rd8+ Kxd8 29. a7) 27. bxc5 Bc7 28. c6) 25. Kb3 $1 {
Der König greift entscheidend ein.} (25. Rd6 $143 e5 26. Be3 f5 27. Rd5 Bc7
28. Bxc5 Rxa6) 25... e5 26. Bd2 f5 27. Rd5 Re6 (27... Bc7 28. Bc3 Rb6+ 29. Kc2
f6 30. Rxc5 Rxa6 31. f4 $1 $18) 28. Bc3 f6 29. Ka4 Bd8 30. Ba5 $1 (30. Rxc5+
$143 Kb8) 30... Bb6 (30... Bxa5 31. Kxa5 {ist Zugumstellung zum Text}) 31. Kb5
Bxa5 32. Kxa5 Rc6 (32... h4 33. gxh4 f4 34. f3 $18) 33. h4 Kc7 34. b3 Kc8 35.
Kb5 Rb6+ 36. Kxc5 Rxa6 (36... Rxb3 37. Rd6 Rf3 38. Rxf6 Rxf2 39. Kd6 $18) 37.
b4 Ra2 (37... Kc7 38. b5 Re6 (38... Ra2 39. Rd6 Rxf2 40. Rxf6 Kd8 41. Ra6 $18)
39. Rd3 a6 (39... f4 40. gxf4 exf4 41. Rd5 $18) (39... Re7 40. Rf3 $18) 40. b6+
$1 Rxb6 (40... Kc8 41. Rd6 $18) 41. Rd7+ Kxd7 42. Kxb6 $18) 38. f4 $1 $18 Re2
39. fxe5 fxe5 40. Kd6) 20. h3 Rg8 21. Be3 {[#] Auch die anschließende
Stellungsbehandlung ist ein Paradebeispiel für exzellente Endspieltechnik.}
Bd6 $2 ({Zäheren Widerstand leistet} 21... Be7 $142 {, z.B.} 22. Rd5 $1 (22.
Rd3 a6 $5 23. Bd2 h5 24. Rf3 Kd6 25. Rf5 Rh8 26. Kd3 a5 27. Bxa5 Ke6 28. Ke4
Ra8 29. Bc3 h4 30. g4 Rxa2 31. Rh5 $16) 22... Kc6 (22... Rd8 $2 23. Rxd8 $1
Kxd8 24. g4 $1 {mit einem klar gewonnenem Läuferendspiel:} e4 25. Bf4 Kd7 26.
Kd2 Ke6 27. Bb8 $1 a6 28. Ke3 f5 29. Kf4 $1 $18 fxg4 30. hxg4 e3 31. fxe3) 23.
Kd3 $1 (23. g4 $143 a5 24. g5 (24. Kd3 Rb8 25. Bc1 a4) 24... Bd6 25. gxf6 Rg1
26. Rd1 Rg6 27. Kd3 Rxf6 28. Ke4 Rg6) 23... Rb8 24. Bc1 a5 25. Ke4 Rb4 26. b3
a4 27. Rd3 axb3 28. axb3 Rb8 29. Be3 Ra8 30. Kf5 Ra3 31. Rc3 Ra1 32. Rc1 Ra3
33. Rb1 Kd7 34. g4 Ke8 35. h4 Ra6 36. g5 $1 {[#] (Analyse) Nach diesem mit
langer Hand vorbereitetem Hebel bricht die schwarze Stellung unweigerlich
zusammen. Dafür sollen folgende Varianten als Beleg dienen.} Rb6 (36... Kf8
37. Rd1 $1 fxg5 (37... Rc6 38. Rd5 $18) (37... Rb6 38. Rd7 Rc6 (38... Re6 39.
Rd5) 39. gxf6 $18) 38. hxg5 Rb6 39. Rd3 Kg7 40. Bc1 $5 ({oder auch} 40. Kxe5 $5
Kg6 41. f4) 40... e4 (40... f6 41. Rd7 Kf8 42. Be3 Rc6 43. gxf6 Rxf6+ (43...
Bxf6 44. Bxc5+ Rxc5 45. Kxf6 $18 Ke8 (45... Rc6+ 46. Kxe5) 46. Rxh7) 44. Kxe5
$18) (40... Kf8 41. Kxe5) 41. Rg3 (41. Kxe4 $143 Kg6 42. f4 Re6+ 43. Kf3 f5 44.
Be3 Rc6 45. Rd5 Bd6 $16) 41... Re6 (41... Ra6 42. Kxe4 $18) 42. Bf4 Kg8 43. Re3
$18) 37. Ra1 $1 Rxb3 (37... fxg5 38. Ra8+ Bd8 (38... Kd7 39. Ra7+ Kd6 40. Rxe7
$18) 39. hxg5 $18 Rg6 40. Kxe5) 38. gxf6 Bd8 (38... Bd6 39. Ra8+) 39. Kxe5 Rb6
40. Kd5 Rxf6 41. Ra8 $18) 22. Rd5 Kc6 {[#]} 23. b4 $1 {Dank dieses gekonnten
Hebels optimiert Weiß seine Aktiva am Damenflügel.} cxb4 24. Ra5 {[#]} f5 $2
({Und hier konnte sich Schwarz hartnäckiger mit} 24... Ra8 $5 {verteidigen:}
25. Ra6+ (25. Rxa7 $2 Rxa7 26. Bxa7 Bc5 $1 $11 (26... e4 $11)) 25... Kc7 26.
Kb3 (26. Rxa7+ $2) 26... Be7 27. Ka4 {[#]  (Analyse) Ohne Unterstützung
seines Königs käme Weiß nicht weiter.} (27. g4 $2 Kb7 28. Ra5 a6 $11) 27...
f5 {und Weiß hat die angenehme Wahl zwischen diversen, sehr
erfolgversprechenden Fortsetzungen, insbesondere 28.Ra5, 28.c5 und 28.f4.
Hierzu ein kurzer Überblick:} (27... h5 28. g4 $1 (28. c5 $143 f5 29. Kxb4 h4)
28... hxg4 29. hxg4 Kd7 (29... Kb7 30. Kb5 e4 31. c5 $18) 30. c5 Rg8 (30... e4
31. Kxb4 $18) 31. Rxa7+ Ke6 32. Kb5 Rxg4 33. Ra8 e4 34. c6 $18) 28. Ra5 $5 (28.
f4 $5 exf4 (28... Kb7 29. Kb5 exf4 (29... e4 30. g4) 30. Bxf4 (30. gxf4) 30...
Re8 31. h4 (31. Be3 Bd8 32. Rxa7+ Kb8 33. Bc5 Bc7 34. Kxb4) 31... h5 32. Rh6
Rc8 33. Rh7 a6+ 34. Ka4 {/\Rxf7+-}) (28... e4 29. g4 Bh4 30. Rh6 Be1 31. Rf6 $1
Rf8 32. Rxf5 Bc3 33. g5 $18) (28... f6 29. c5 Bd8 30. Kxb4 Rb8+ 31. Kc4 Rb2 32.
Rxa7+ Kb8 33. c6 Re2 34. Ra3 Re1 35. Kd5 $18) 29. gxf4 $1 Bd6 (29... Bh4 30.
Kxb4 Be1+ 31. Ka4 Bg3 (31... Bh4 32. Bc5 f6 33. Rxa7+ $18) 32. Rf6 $18) (29...
h5 30. c5 (30. Rh6 $2 Rd8 $132) 30... Re8 31. Kb5 Rb8+ 32. Kc4 Kb7 33. Rh6 h4
34. Bd4 $18) 30. c5 Bf8 31. Kxb4 Re8 32. Bg1 $1 Re1 33. Rxa7+ Kc6 34. Rxf7 Be7
35. Bd4 Kd5 36. Bf2 Re4+ 37. Kb5 Ke6 38. Rxh7 Rxf4 39. Rh6+ Kf7 40. Bg3 $18) (
28. c5 $5 h5 29. Kxb4 h4 30. Kc4 Kb7 31. Kb5 Rb8 $5 $16 32. Ra3 Bf8 (32... Bd8
33. Kc4 Kc6 34. Rxa7 (34. Ra6+ Kb7 35. Rh6) 34... Rb1 35. Rxf7 hxg3 36. fxg3
Re1 37. Bf2 Re4+ (37... Rc1+ 38. Kb4 Rb1+ 39. Ka4 (39. Kc3 Rc1+ 40. Kb3 Rb1+
41. Kc2 Rh1 42. Rxf5 Rxh3 43. Kb3 Rh7 44. Kc4 $18) 39... Rb2 40. Rxf5 Kd5 41.
Ka3) 38. Kd3 Ra4 39. Rxf5 Kd5 40. h4 $18) 33. gxh4 Ka8+ 34. Kc4 f4 35. Bd2 Rc8
36. Ra5 Be7 37. h5 Rh8 (37... Bh4 38. f3 Bf2 39. Bb4 Rc6 40. Kb5 Rh6 41. Ra6
Rxh5 42. Rd6 Rh8 43. c6 {usw. +-}) 38. c6 $1 Rxh5 39. c7 Rh8 40. Rxe5 Bd6 41.
Rh5 $1 $18 Rc8 42. Ba5 Kb7 43. Rb5+ Kc6 44. h4 Kd7 45. h5) 28... f6 (28... Bd6
29. c5 Be7 30. Ra6 f6 31. Kxb4) 29. Ra6 h5 30. c5 h4 31. Kb5 hxg3 32. fxg3 Kd8
(32... Rb8+ 33. Kc4 Ra8 (33... Kd8 34. Rxa7) 34. h4) 33. h4 Ke8 34. c6 Rb8+ 35.
Kc4 $18) 25. Ra6+ Kd7 26. Rxa7+ Ke6 (26... Kc6 27. Rxf7 $18) 27. Ra6 Kd7 28. c5
$18 {[#]} Be7 (28... Bb8 29. Kb3 Rg6 30. Ra8 Bc7 31. Kxb4) 29. Kb3 f4 (29...
Rc8 30. Kxb4) 30. gxf4 exf4 31. c6+ Ke6 (31... Kc7 32. Bxf4+ Bd6 33. Ra7+ Kb6
34. Rxf7 Bxf4 35. Rxf4 Kxc6 36. Kxb4) 32. Bxf4 Kd5 (32... Rc8 33. c7+ Kd7 34.
Rh6) 33. c7 Bc5 34. Rf6 {- ein Lehrstück!} 1-0

[Event "Chicago op 19th"]
[Site "Wheeling"]
[Date "2010.05.31"]
[Round "9"]
[White "Adams, Michael"]
[Black "Akobian, Varuzhan"]
[Result "1-0"]
[WhiteElo "2697"]
[BlackElo "2599"]
[Annotator "Minzer,C"]
[PlyCount "81"]
[EventDate "2010.05.27"]
[EventType "swiss"]
[EventRounds "9"]
[EventCountry "USA"]
[SourceTitle "CBM 136 Extra"]
[Source "ChessBase"]
[SourceDate "2010.07.02"]
[SourceVersion "2"]
[SourceVersionDate "2010.07.15"]
[SourceQuality "1"]

{Típica partida del "Capablanca inglés" jugando contra el peón aislado. Ubica
sus piezas en el centro mientras, poco a poco, simplifica el juego dejando al
rival en una triste posición defensiva. Finalmente un grueso error de Akobian
dió por terminada la partida en forma inmediata.} 1. e4 e6 2. d4 d5 3. Nd2 {
Diagrama # El arma principal del Gran Maestro inglés para jugar contra la
Defensa Francesa es la Variante Tarrasch.} a6 {Una línea flexible, las negras
quieren tener controlado el punto b5 donde se ubica el alfil de casillas
blancas (Ab5) cuando queda el peón aislado. Por otra parte, en varias líneas
la casilla a7 puede ser útil para que alfil de casillas negras se refugie allí.
} 4. Ngf3 c5 5. dxc5 Bxc5 6. Bd3 Nc6 7. O-O Nge7 ({En las partidas de Adams
podemos encontrar el desarrollo del caballo por f6:} 7... Nf6 8. exd5 exd5 {
se establece el peón aislado pero pronto el negro cambiará su estructura} 9.
Nb3 Bb6 10. Re1+ Be6 11. c3 O-O 12. h3 Ne4 13. Be3 Bf5 14. Nbd4 Bg6 15. Nxc6
bxc6 16. Ne5 Bc7 17. Nxg6 hxg6 18. Bxe4 dxe4 19. Qa4 Qd6 20. Qxe4 $5 Rae8 21.
Qf3 Qh2+ 22. Kf1 f5 23. g3 $8 Qxh3+ 24. Qg2 Qg4 25. Bd4 $14 {y las blancas se
impusieron en un largo final, Adams,M-Gurevich,M/Dresden 2008}) 8. exd5 exd5 {
Diagrama # Gurevich decide jugar con el peón aislado.} ({En caso de capturar
de caballo la partida es muy diferente, veamos unos ejemplos:} 8... Nxd5 9. Ne4
{las blancas intentarán avanzar su mayoría del flanco dama} Be7 10. c4 Nf6 (
10... Ndb4 11. Bb1 a5 (11... f5 $6 12. a3 $1 fxe4 13. Bxe4 $16) 12. a3 Qxd1 13.
Rxd1 Na6 14. Be3 e5 15. Nd6+ Bxd6 16. Rxd6 $16) 11. a3 (11. Qe2 $5 O-O (11...
Qc7 12. Rd1) 12. Rd1 Qc7 13. Bg5 $14) 11... Qc7 12. b4 Nxe4 13. Bxe4 Bf6 14.
Ra2 $14 {las blancas han progresado en el flanco dama pero no alcanzó para
llegar a la victoria} Bd7 15. Be3 Ne5 16. Nxe5 Bxe5 17. f4 Bf6 18. Qf3 Rd8 19.
f5 Qxc4 20. Rc2 Qb3 21. Bb6 Qxf3 22. Bxf3 Rc8 23. Rfc1 O-O 24. Bxb7 Rxc2 25.
Rxc2 Rb8 26. Rc7 Bd8 27. Rxd7 Bxb6+ 28. Kf1 a5 29. fxe6 {1/2-1/2 Anand,
V-Gurevich,M/Wijk aan Zee 1990}) 9. Nb3 Bd6 ({También puede ser la retirada
por la diagonal g1-a7:} 9... Bb6 10. Re1 O-O 11. Be3 Bc7 12. h3 h6 13. c3 Re8 (
13... Qd6 14. Bc5 $5 Qf6 15. Nbd4 $14) 14. Qc2 Qd6 15. Rad1 Qf6 16. Nbd4 Bd7
17. Qd2 Ng6 18. Nxc6 bxc6 19. Bd4 Qd6 20. b4 $6 a5 (20... Bxh3 $5 21. gxh3 Nh4
$40) 21. a3 axb4 22. axb4 Rxe1+ 23. Rxe1 Re8 24. Rxe8+ {Anand, V-Topalov,V/
Wijk aan Zee 1999 1/2-1/2}) 10. Re1 O-O 11. c3 Bf5 $146 {La idea de cambiar
los alfiles blancos ya se había jugado con los dos peones de la columna h
avanzados:} (11... h6 12. h3 Bf5 13. Be3 Bxd3 (13... Re8 14. Bc5 $5 $14) 14.
Qxd3 Qc7 15. a4 (15. Bc5 $5 $14) 15... Rad8 16. a5 Qc8 17. Bb6 Bc7 18. Bxc7
Qxc7 {Tseshkovsky,V-Dolmatov,S/Frunze 1981/URS-ch y ahora se podría intentar}
19. Nc5 {para b2-b4} Nxa5 $140 $2 20. Rxa5 Qxa5 21. Nxb7 Qc7 22. Nxd8 Rxd8 23.
Qxa6 $16) 12. Bxf5 Nxf5 13. g3 Nfe7 14. Bg5 {Diagrama # Típico de Adams,
dirige la partida a la simplificación confiando en la presión que pueda
ejercer sobre el peón central de las negras.} h6 ({Jugar} 14... f6 {deja una
debilidad en e6, generalmente las negras juegan de esta forma cuando tienen su
alfil de casillas blancas y lo ubican en f7.}) 15. Bxe7 Nxe7 16. Qd3 Qc7 17.
Re2 b5 18. Rae1 Qc4 19. Qd1 Ra7 20. a3 a5 21. Nbd4 Rb7 22. Ne5 {Sin variar la
estructura de peones Adams va ubicando sus piezas en forma activa.} Qc7 23. Qd3
Qb6 ({En caso de} 23... b4 24. cxb4 axb4 25. a4 {las blancas se quedan con un
peón pasado en la columna a.}) 24. b4 $1 {Diagrama # El momento oportuno para
ceder casillas débiles (c3-c4) pero fijar el pe} axb4 25. axb4 Qa6 26. h4 Qb6
27. h5 {Adams tampoco quiere perder el control en el flanco rey.} Rc8 $4 {
Diagrama # Un grave error en una posición sin buen contrajuego, las negras
quisieron presionar en la columna c pero se encontraron con:} 28. Nxf7 $1 {
Una secuencia directa que muestra la torre de c8, finalmente, indefensa. El
error de Akobian no da lugar a dudas, el triunfo blanco es claro.} Kxf7 29.
Rxe7+ Bxe7 30. Qf5+ Bf6 31. Qxc8 {Diagrama # No sólo se recupera la pieza
sacrificada, sino que también el rey negro queda debilitado. Se amenaza mate
en e8.} Re7 ({O} 31... Rb8 32. Qd7+ Kf8 33. Nc6 $18) 32. Rxe7+ Kxe7 33. Nf5+
Kf7 34. Qd7+ {Adams no da respiro.} Kg8 35. Qe8+ Kh7 36. Qg6+ Kh8 {Diagrama #}
37. Nxg7 $1 Qa6 38. Nf5 Qa1+ 39. Kg2 Qxc3 40. Qe8+ Kh7 41. Qf7+ {Las negras
abandonan.} (41. Qf7+ {seguiría} Bg7 (41... Kh8 42. Nxh6) 42. Ne7 {amenazando
mate en g8.}) 1-0

[Event "World Women-ch k.o."]
[Site "Teheran"]
[Date "2017.02.20"]
[Round "4.1"]
[White "Harika, Dronavalli"]
[Black "Dzagnidze, Nana"]
[Result "1-0"]
[WhiteElo "2539"]
[BlackElo "2525"]
[Annotator "Moradiabadi,E"]
[PlyCount "95"]
[EventDate "2017.02.11"]
[EventType "k.o."]
[EventRounds "7"]
[EventCountry "IRI"]
[SourceTitle "CBM 177"]
[Source "ChessBase"]
[SourceDate "2017.03.16"]
[SourceVersion "1"]
[SourceVersionDate "2017.03.16"]
[SourceQuality "1"]

1. e4 e6 2. d4 d5 3. Nd2 a6 4. Ngf3 c5 5. Bd3 Nc6 6. exd5 exd5 7. dxc5 Bxc5 8.
O-O Bg4 9. Nb3 Bd6 10. h3 Bh5 11. c3 Nge7 12. Re1 Qc7 13. Be3 Ne5 14. Be2 Nc4
15. Bg5 f6 16. Bc1 O-O 17. Nfd4 Bf7 18. Bg4 Kh8 19. Ne6 Bxe6 20. Bxe6 Rad8 21.
Nd4 Nc6 22. b3 Nxd4 23. cxd4 Na5 24. Bb2 Nc6 25. Bg4 Qa5 26. a3 Bb8 27. Qd3
Rfe8 28. b4 Qc7 29. g3 Ba7 30. h4 g6 31. Rxe8+ Rxe8 32. Bf3 Qd6 33. Kg2 Kg7 34.
Bc3 Rc8 35. Re1 Ne7 36. Bb2 {[#]} Rc4 37. Qe2 $2 {This throws away most of
White's advantage.} (37. h5 Nf5 38. Bg4 Nxd4 39. Re8 Bb6 40. Bh3 Nc6 41. hxg6
hxg6 42. Rg8+ Kxg8 43. Qxg6+ Kf8 44. Bxf6 {and mate follows.}) 37... Nf5 38.
Bg4 $1 {White's last resource to play for a win.} Bxd4 39. Bxf5 $2 (39. Bxd4 {
was a necessary intermediate nuance.}) 39... gxf5 $4 {This loses instantly.} (
39... Bxb2 40. Bd3 Rc1 41. Qe7+ Qxe7 42. Rxe7+ Kh6 43. Rxb7 Bxa3 44. Rb6 Kg7
45. Bxa6 Rb1 {would have led to a draw.}) 40. Qe8 $1 {Due to the awkward
position of Black's rook and bishop the check on e7 cannot be parried.} Bxb2
41. Re7+ Qxe7 (41... Kh6 42. Qf8+ Kh5 43. Rxh7+ Kg4 44. f3#) 42. Qxe7+ Kg6 43.
Qe8+ Kg7 44. Qd7+ Kg6 45. h5+ Kh6 46. Qxd5 Rc2 47. Qb3 Rd2 48. Qe3+ {wins the
rook.} 1-0